Nomi italiani di città straniere - Francia - Statistics

Statistiche generali
  • Questo quiz è stato fatto 186 volte
  • Il punteggio medio è 12 su 15
Statistiche sulle risposte
Nome locale Nome italiano % Corretto
Avignon Avignone
97%
Paris Parigi
97%
Nice Nizza
96%
Lyon Lione
95%
Marseille Marsiglia
95%
Strasbourg Strasburgo
94%
Toulouse Tolosa
94%
Lille Lilla
91%
Menton Mentone
90%
Dijon Digione
83%
Toulon Tolone
82%
Perpignan Perpignano
75%
Saint-Quentin San Quintino
57%
Roquebrune-Cap-Martin Roccabruna
54%
La Brigue Briga
41%
Nessun quiz corrispondente trovato
Distribuzione punteggi
Percentuale di utenti per punteggio
Percentile per numero di risposta
I tuoi punteggi nel tempo
Non hai fatto questo quiz